000 01159aab a2200241 i 4500
001 768714001
003 CO-MdFUSB
005 20240808095944.0
008 240808t1999 -us||||| |||| 00| 0 eng d
040 _bspa
_cCO-MdFUSB
041 _aeng
100 1 _aWalls, Andrew F.
_eautor
245 1 0 _aIn quest of the father of mission studies
_c/ Andrew F. Walls
520 _aLa erudición teológica necesita un renacimiento de los estudios sobre la misión. En los siglos XXI y XXII, los desarrollos más significativos que determinarán cuál será su forma serán los que tengan lugar en los continentes del sur, donde la fe cristiana está en interacción diaria con sus culturas y se desarrolla diariamente en nuevas maneras como resultado, como se menciona en este artículo.
546 _aTexto en inglés.
650 0 _aMisiones
_9154
650 0 _aEvangelización
_9362
650 7 _aCristianismo
_922
650 7 _aAntropología cultural y social
_96714
773 0 _tInternational Bulletin
_049483
_961003
_gVolumen 23, (número 3, 1999), páginas: 98 - 105
_qpágina: 98
942 _cANA
945 _aCatherine Arias Álvarez - Practicante SENA
999 _c57301
_d57301